Diplo / Major Lazer Charting Songs (Billboard Hot 100) - Statistics

General Stats
  • This quiz has been taken 49 times
    14 since last reset
  • The average score is 10 of 15
Answer Stats
Album Weeks On Peak Artist(s) Song % Correct
Major Lazer Essentials 27 Weeks #2 Major Lazer ft. Justin Bieber & MO Cold Water
100%
Skrillex & Diplo Present Jack U and Purpose 45 Weeks #8 Skrillex & Diplo ft. Justin Bieber Where Are U Now
100%
Electricity 10 Weeks #62 Silk City ft. Dua Lipa Electricity
86%
Peace is the Mission 48 Weeks #4 Major Lazer & DJ Snake ft. MO Lean On
86%
Free the Universe 9 Weeks #56 Major Lazer ft. Bruno Mars, Tyga, 2 Chainz & Mystic Bubble Butt
71%
Brightest Blue 25 Weeks #24 Ellie Goulding & Diplo ft. Swae Lee Close To Me
71%
Know No Better EP 3 Weeks #87 Major Lazer ft. Travi$ Scott, Camila Cabello & Quavo Know No Better
71%
Labrinth, Sia & Diplo present... LSD 5 Weeks #67 Labrinth, Sia & Diplo Present... LSD Thunderclouds
71%
Peace is the Mission (Deluxe) 20 Weeks #73 Major Lazer ft. Nyla & Fuse ODG Light It Up
57%
Peace is the Mission 6 Weeks #83 Major Lazer ft. Ellie Goulding & Tarrus Riley Powerful
57%
Deadpool 2 4 Weeks #78 Diplo & French Montana ft. Lil Pump & Zhavia Ward Welcome to the Party
57%
Diplo Presents Thomas Wesley Chapter 2: Swamp Savant 5 Weeks #64 Diplo ft. Jessie Murph & Polo G Heartbroken
43%
Major Lazer Essentials 1 Week #66 Major Lazer ft. PARTYNEXTDOOR & Nicki Minaj Run Up
43%
California EP 5 Weeks #79 Diplo ft. Trippie Redd Wish
43%
Diplo Presents Thomas Wesley, Chapter 1: Snake Oil 21 Weeks #39 Diplo Presents Thomas Wesley ft. Morgan Wallen Heartless
29%
No matching quizzes found
Score Distribution
Percent of People with Each Score
Percentile by Number Answered
Your Score History
You have not taken this quiz since the last reset